The Birds of Paradise / (Record no. 186783)

000 -LEADER
fixed length control field 00500 a2200169 4500
003 - CONTROL NUMBER IDENTIFIER
control field Nust
005 - DATE AND TIME OF LATEST TRANSACTION
control field 20230331102404.0
040 ## - CATALOGING SOURCE
Transcribing agency Nust
082 ## - DEWEY DECIMAL CLASSIFICATION NUMBER
Classification number 813,SCO
100 ## - MAIN ENTRY--PERSONAL NAME
Personal name Scott,Paul
9 (RLIN) 111644
245 ## - TITLE STATEMENT
Title The Birds of Paradise /
Statement of responsibility, etc. Paul Scott
260 ## - PUBLICATION, DISTRIBUTION, ETC.
Place of publication, distribution, etc. UK
Name of publisher, distributor, etc. Fiction
300 ## - PHYSICAL DESCRIPTION
Extent 237:p
505 ## - FORMATTED CONTENTS NOTE
Formatted contents note The Wheeling Horsemen (Page-9), On the Bank of The Water (Page-85), The View From the Terrace (Page-123), Against the Wind (Page-167).
650 ## - SUBJECT ADDED ENTRY--TOPICAL TERM
Topical term or geographic name entry element Fiction
9 (RLIN) 3172
942 ## - ADDED ENTRY ELEMENTS (KOHA)
Source of classification or shelving scheme
Koha item type Book
Call number prefix 813,SCO
Holdings
Withdrawn status Lost status Source of classification or shelving scheme Damaged status Not for loan Permanent Location Current Location Shelving location Date acquired Full call number Barcode Date last seen Price effective from Koha item type Public note
          Military College of Signals (MCS) Military College of Signals (MCS) Fiction 12/12/2016 813,SCO MCS29155 12/08/2016 12/12/2016 Book Almirh No 75, Shelf No 4
© 2023 Central Library, National University of Sciences and Technology. All Rights Reserved.